| 000 | 00681nam a2200217 a 4500 | ||
|---|---|---|---|
| 001 | BRCA_2332 | ||
| 005 | 20190320203749.0 | ||
| 008 | 940913s1991 ---a---###---s001-0#eng-# | ||
| 020 | _a0500236186 | ||
| 040 |
_aDLC _cDLC |
||
| 050 | 4 |
_aTA658.2 _b.S53 1991 |
|
| 100 | 1 |
_aSims, Mitzi _97010 |
|
| 245 | 1 | 0 |
_aSign Design _bGraphics, Materials, Techniques _cMitzi Sims. |
| 260 |
_aLondon _bThames and Hudson _c1991 |
||
| 300 |
_a176 p. _bil. a color _c30 cm. |
||
| 500 | _aIncluye índice alfabético y glosario | ||
| 504 | _aBibliografía : p. 168-169 | ||
| 650 | 1 | 4 |
_aSignos y simbolos _xDiseño y construcción _97011 |
| 650 | 1 | 4 |
_aSignos y simbolos _xTécnicas _97012 |
| 942 |
_2lcc _cB |
||
| 999 |
_c2077 _d2077 |
||